• 首页
  • 本馆介绍
  • 公告通知
  • 最新文献
  • 馆藏检索
  • 电子资源
  • 读者导购
  • 参考咨询
  • 我的图书馆
  • 登录
  • 详细信息显示
  • 放入我的书架
  • 预约/预借图书
  • 作者相关作品
  • 分类相关作品
  • 丛书相关作品
  • 出版社相关作品

书目信息

  • 表格格式
  • 工作单格式
  • 卡片格式
题名:
“三反”运动研究
    
 
作者: 王顺生 , 李军 著
分册:  
出版信息: 北京   中共党史出版社  2006
页数: 192页
开本: 23cm
丛书名: 中共党史研究丛书
单 册:
中图分类: D651.4
科图分类:
主题词: 三反五反运动 , 三反五反运动--研究
电子资源:
ISBN: 7-80199-371-3
000 01030oam2 2200289 450
001 010700020102
005 20061119110934.90
010    @a7-80199-371-3@dCNY22.00
100    @a20060418d2006 em y0chiy0110 ea
101 0  @achi
102    @aCN@b110000
105    @ay z 000yy
200 1  @a“三反”运动研究@9“ san fan” yun dong yan jiu@f王顺生,李军著
210    @a北京@c中共党史出版社@d2006
215    @a192页@d23cm
225 2  @a中共党史研究丛书
300    @a教育部“211工程”项目
308    @a丛书第二批
330    @a本书以马克思列宁主义、毛泽东思想、邓小平理论和“三个代表”重要思想为理论指导,综合运用历史学、党史学、政治学、社会学、经济学原理对中国共产党在20世纪50年代初领导的以反贪污、反浪费、反官僚主义为核心内容的“三反”运动进行了多层面的研究。
461  0 @12001 @a中共党史研究丛书
606 0  @a三反五反运动
606 0  @a三反五反运动@x研究
690    @aD651.4@v4
701  0 @a王顺生@9wang shun sheng@4著
701  0 @a李军@9li jun@4著
801  0 @aCN@bRENTIAN@c20061119
905    @a10447@dD651.4@e14
    
    “三反”运动研究/王顺生,李军著.-北京:中共党史出版社,2006
    192页;23cm.-(中共党史研究丛书)
    教育部“211工程”项目
    
    ISBN 7-80199-371-3:CNY22.00
    本书以马克思列宁主义、毛泽东思想、邓小平理论和“三个代表”重要思想为理论指导,综合运用历史学、党史学、政治学、社会学、经济学原理对中国共产党在20世纪50年代初领导的以反贪污、反浪费、反官僚主义为核心内容的“三反”运动进行了多层面的研究。
●
相关链接 在E读中查询图书 在五车中查询图书 在当当中查询图书 在豆瓣中查询图书


正题名:"三反"运动研究     索取号:D651.4/14         预约/预借

序号 登录号 条形码 馆藏地/架位号 状态 备注
1 0393215   203932156   第一样本阅览室/ [索取号:D651.4/14] 在馆    
2 0393216   203932165   第一借阅区/ [索取号:D651.4/14] 在馆    
3 0393217   203932174   第一借阅区/ [索取号:D651.4/14] 在馆    
4 0393218   203932183   第一借阅区/ [索取号:D651.4/14] 在馆    
5 0393219   203932192   第一借阅区/ [索取号:D651.4/14] 在馆    
唐山师范学院图书馆 欢迎您!
大连网信软件有限公司© 版权所有